000
00242nam a2200097Ia 4500
001
1206162
005
20251009141634.0
008
250824s9999 xx 000 0 und d
245
0
_a
TUTSAK GÜNEŞ
_c
AYŞE KULİN
260
_b
EVEREST YAYINLARI
999
_c
1206162
_d
1206162